000 00323nam a22001457a 4500
008 230414b ||||| |||| 00| 0 eng d
020 _a9781285770857
041 _aeng
080 _a37
082 _a37YAG
100 _a23
101 _aEDUKIM
245 _aTHE ESSSENTIALS OF WRITING
_cYAGELSKI.P.R
942 _2udc
_cBK
999 _c59548
_d59548